[Event "POL-chT 2nd League"]
[Site "Jastrzebia Gora"]
[Date "2023.09.07"]
[Round "6.40"]
[White "Bajerlein, Dawid"]
[Black "Szczesniak, Konrad"]
[Result "0-1"]
[WhiteElo "2064"]
[BlackElo "2011"]
[PlyCount "86"]
[EventDate "2023.09.02"]
[EventType "team-swiss"]
[EventRounds "9"]
[EventCountry "POL"]
[SourceTitle "EXT 2024"]
[Source "ChessBase"]
[SourceDate "2023.10.10"]
[SourceVersion "1"]
[SourceVersionDate "2023.10.10"]
[SourceQuality "1"]
[WhiteTeam "Lipno Steszew"]
[BlackTeam "Nysa Gekon"]
[WhiteTeamCountry "POL"]
[BlackTeamCountry "POL"]

1. d4 d5 2. c4 c6 3. Nf3 Nf6 4. Nc3 a6 5. c5 Nbd7 6. Bf4 Nh5 7. Bd2 g6 8. e4 dxe4 9. Nxe4 Bg7 10. Bc4 0-0 11. Qb3 Ndf6 12. Nxf6+ Nxf6 13. 0-0 Nd5 14. Rfe1 a5 15. a4 Rb8 16. Ne5 Be6 17. Qg3 Ra8 18. h4 Nc7 19. Bxe6 Nxe6 20. Be3 Nxd4 21. Bxd4 Qxd4 22. Rad1 Bxe5 23. Qxe5 Qxh4 24. Qxe7 Qxa4 25. Rd7 Qc2 26. Rxb7 Rad8 27. Re2 Rd1+ 28. Kh2 Qf5 29. Qe5 Qb1 30. Re7 Rd5 31. Qf6 Rh5+ 32. Kg3 Qh1 33. f3 Rf5 34. Qd6 Rg5+ 35. Kf4 Qc1+ 36. R2e3 Rxc5 37. Qd7 Rf5+ 38. Kg3 Qxb2 39. Re8 Rxe8 40. Rxe8+ Kg7 41. Qd8 Kh6 42. Rg8 Rg5+ 43. Kh4 Qf2+ 0-1

[Event "POL-chT 2nd League"]
[Site "Jastrzebia Gora"]
[Date "2023.09.02"]
[Round "1.46"]
[White "Szwaj, Jacek"]
[Black "Szczesniak, Konrad"]
[Result "1/2-1/2"]
[WhiteElo "1886"]
[BlackElo "2011"]
[PlyCount "178"]
[EventDate "2023.09.02"]
[EventType "team-swiss"]
[EventRounds "9"]
[EventCountry "POL"]
[SourceTitle "EXT 2024"]
[Source "ChessBase"]
[SourceDate "2023.10.10"]
[SourceVersion "1"]
[SourceVersionDate "2023.10.10"]
[SourceQuality "1"]
[WhiteTeam "Warszawa Mogalo"]
[BlackTeam "Nysa Gekon"]
[WhiteTeamCountry "POL"]
[BlackTeamCountry "POL"]

1. Nf3 d5 2. g3 Nf6 3. Bg2 e6 4. 0-0 Bd6 5. d3 0-0 6. Nbd2 Nbd7 7. e4 c5 8. Re1 Qc7 9. a4 b6 10. c4 Bb7 11. Qe2 dxe4 12. dxe4 e5 13. Nh4 Nb8 14. Nb1 Nc6 15. Nc3 Nd4 16. Qd3 Be7 17. Nb5 Nxb5 18. axb5 g6 19. Bg5 a5 20. Qc2 Rfd8 21. Nf3 Kg7 22. Bxf6+ Bxf6 23. Rad1 Rxd1 24. Rxd1 Rd8 25. Rxd8 Qxd8 26. b3 Bc8 27. h3 h5 28. Qd2 Qe7 29. Qd3 Be6 30. Nd2 Qa7 31. f4 exf4 32. gxf4 Bd4+ 33. Kh2 a4 34. bxa4 Qxa4 35. f5 Be5+ 36. Kg1 Qd1+ 37. Bf1 Bd4+ 38. Kg2 gxf5 39. exf5 Bxf5 40. Qxf5 Qxd2+ 41. Kg3 Qe1+ 42. Kg2 Qe3 43. Bd3 Be5 44. Qh7+ Kf8 45. Qf5 Bf4 46. Qc8+ Kg7 47. Qf5 Qg3+ 48. Kf1 Qf3+ 49. Ke1 Bg3+ 50. Kd2 Bf4+ 51. Ke1 Qh1+ 52. Kf2 Qh2+ 53. Kf3 Qg3+ 54. Ke2 Qg2+ 55. Ke1 Bd2+ 56. Kd1 Bc3 57. Be2 Qg3 58. Kc2 Bf6 59. Qxh5 Qc3+ 60. Kd1 Qd4+ 61. Kc2 Qc3+ 62. Kd1 Qa1+ 63. Kc2 Qb2+ 64. Kd3 Qb1+ 65. Kd2 Qb2+ 66. Kd3 Qc3+ 67. Ke4 Kf8 68. Kf4 Bg7 69. Ke4 Kg8 70. Qg4 Qe5+ 71. Kf3 f5 72. Qf4 Qc3+ 73. Qe3 Qf6 74. Qe8+ Kh7 75. Qh5+ Bh6 76. Bd3 Kg7 77. Qxf5 Qxf5+ 78. Bxf5 Bd2 79. Ke4 Kh6 80. Ke5 Ba5 81. Kf4 Bb4 82. Ke4 Ba5 83. Bg4 Bb4 84. Bf5 Ba5 85. Bg4 Bb4 86. Bf5 Ba5 87. Bg4 Bb4 88. Bf5 Ba5 89. Bg4 Bb4 1/2-1/2

[Event "Wroclaw op"]
[Site "Wroclaw"]
[Date "2020.08.03"]
[Round "4"]
[White "Chmiel, Marcin"]
[Black "Szczesniak, Konrad"]
[Result "1-0"]
[WhiteElo "2267"]
[BlackElo "2033"]
[PlyCount "97"]
[EventDate "2020.08.01"]
[EventType "swiss"]
[EventRounds "9"]
[EventCountry "POL"]
[SourceTitle "CBM 197 Extra"]
[Source "ChessBase"]
[SourceDate "2020.09.30"]
[SourceVersion "1"]
[SourceVersionDate "2020.09.30"]
[SourceQuality "1"]

1. c4 Nf6 2. g3 g6 3. Bg2 Bg7 4. Nc3 0-0 5. d3 d6 6. Nf3 c5 7. 0-0 Nc6 8. a3 Bd7 9. Rb1 a5 10. Ne1 Qc8 11. Nc2 Bh3 12. b4 Bxg2 13. Kxg2 axb4 14. axb4 b6 15. e4 e6 16. f4 Ne8 17. Bd2 Nc7 18. b5 Ne7 19. Ne3 d5 20. cxd5 exd5 21. f5 Bxc3 22. Bxc3 d4 23. f6 dxc3 24. fxe7 Ra2+ 25. Kg1 Re8 26. Qb3 Qe6 27. Nd5 Nxd5 28. Qxa2 Nb4 29. Qxe6 fxe6 30. Rf8+ Rxf8 31. exf8Q+ Kxf8 32. Rc1 c2 33. Kf1 Ke7 34. Ke2 Kd6 35. Kd2 Ke5 36. Ra1 Kd4 37. Ra6 c4 38. dxc4 Kxc4 39. Rxb6 Kb3 40. Rb8 Kc4 41. b6 Kb5 42. b7 Kb6 43. Re8 Kxb7 44. Rxe6 Kc7 45. Re7+ Kd6 46. Rxh7 Ke5 47. Rg7 Kxe4 48. Rxg6 Kf3 49. h4 1-0

[Event "Wroclaw op"]
[Site "Wroclaw"]
[Date "2020.08.01"]
[Round "1"]
[White "Szczesniak, Konrad"]
[Black "Sieciechowicz, Marcin"]
[Result "0-1"]
[WhiteElo "2033"]
[BlackElo "2372"]
[PlyCount "80"]
[EventDate "2020.08.01"]
[EventType "swiss"]
[EventRounds "9"]
[EventCountry "POL"]
[SourceTitle "CBM 197 Extra"]
[Source "ChessBase"]
[SourceDate "2020.09.30"]
[SourceVersion "1"]
[SourceVersionDate "2020.09.30"]
[SourceQuality "1"]

1. d4 Nf6 2. c4 g6 3. Nc3 d5 4. cxd5 Nxd5 5. e4 Nxc3 6. bxc3 Bg7 7. Bc4 c5 8. Ne2 Nc6 9. Be3 0-0 10. 0-0 Na5 11. Bd3 e5 12. d5 b6 13. Qd2 f5 14. f4 fxe4 15. Bxe4 Nc4 16. Qd3 Nxe3 17. Qxe3 Qd6 18. fxe5 Rxf1+ 19. Rxf1 Qxe5 20. Qf3 Ba6 21. d6 Rd8 22. Bd5+ Kh8 23. c4 Qxd6 24. Nf4 Bc8 25. g4 Be5 26. Nh3 Bd4+ 27. Kg2 Qe7 28. Qf7 Qxf7 29. Rxf7 Be3 30. Kf3 Bc1 31. Rxa7 Rf8+ 32. Kg3 Bd2 33. Ra8 h6 34. Ra7 Be1+ 35. Kg2 Bxg4 36. Rb7 Rf6 37. Re7 Bh4 38. Rb7 g5 39. Ra7 Be2 40. Re7 Bf1+ 0-1

[Event "Gora Sw Anny op 13th"]
[Site "Gora Sw Anny"]
[Date "2020.02.21"]
[Round "8"]
[White "Trybus, Daniel"]
[Black "Szczesniak, Konrad"]
[Result "1-0"]
[WhiteElo "1973"]
[BlackElo "2045"]
[PlyCount "59"]
[EventDate "2020.02.15"]
[EventType "swiss"]
[EventRounds "9"]
[EventCountry "POL"]
[SourceTitle "CBM 195 Extra"]
[Source "ChessBase"]
[SourceDate "2020.05.31"]
[SourceVersion "1"]
[SourceVersionDate "2020.05.31"]
[SourceQuality "1"]

1. e4 c6 2. d4 d5 3. Nc3 dxe4 4. Nxe4 Nf6 5. Nxf6+ gxf6 6. c3 Bg7 7. Bc4 b5 8. Bd3 Qd5 9. Ne2 e5 10. Be3 Nd7 11. Qc2 Nb6 12. Ng3 h5 13. Be4 Qe6 14. 0-0-0 Bb7 15. Kb1 Nc4 16. Bf3 Nxe3 17. fxe3 0-0-0 18. Nxh5 Bh6 19. Ng3 Kb8 20. Nf5 Bf8 21. h3 Re8 22. Bg4 Rd8 23. dxe5 Rxd1+ 24. Rxd1 fxe5 25. Rd8+ Kc7 26. Nd6 Qxd6 27. Rxd6 Bxd6 28. Qf5 Kb6 29. Qf6 Rd8 30. Qxd8+ 1-0

[Event "Gora Sw Anny op 13th"]
[Site "Gora Sw Anny"]
[Date "2020.02.18"]
[Round "5"]
[White "Szczesniak, Konrad"]
[Black "Malicka, Maria"]
[Result "0-1"]
[WhiteElo "2045"]
[BlackElo "2113"]
[PlyCount "50"]
[EventDate "2020.02.15"]
[EventType "swiss"]
[EventRounds "9"]
[EventCountry "POL"]
[SourceTitle "CBM 195 Extra"]
[Source "ChessBase"]
[SourceDate "2020.05.31"]
[SourceVersion "1"]
[SourceVersionDate "2020.05.31"]
[SourceQuality "1"]

1. d4 Nf6 2. c4 e6 3. Nc3 Bb4 4. e3 0-0 5. Bd3 d5 6. Nge2 c5 7. 0-0 cxd4 8. exd4 dxc4 9. Bxc4 Nc6 10. Bg5 h6 11. Bh4 Be7 12. Qd3 Qb6 13. Bb3 Rd8 14. Rad1 Bd7 15. Na4 Qc7 16. Rc1 Rac8 17. a3 Be8 18. Rfd1 Qa5 19. Nc5 Nxd4 20. Nxb7 Nxb3 21. Nxa5 Rxd3 22. Nxb3 Rxc1 23. Rxc1 Rxb3 24. Rc2 Kf8 25. Nd4 Rd3 0-1

[Event "Gora Sw Anny op 12th"]
[Site "Gora Sw Anny"]
[Date "2019.01.28"]
[Round "4"]
[White "Fiedorek, Michal"]
[Black "Szczesniak, Konrad"]
[Result "0-1"]
[WhiteElo "2183"]
[BlackElo "2048"]
[PlyCount "116"]
[EventDate "2019.01.26"]
[EventType "swiss"]
[EventRounds "10"]
[EventCountry "POL"]
[SourceTitle "CBM 188 Extra"]
[Source "ChessBase"]
[SourceDate "2019.02.26"]
[SourceVersion "1"]
[SourceVersionDate "2019.02.26"]
[SourceQuality "1"]

1. e4 c6 2. d4 d5 3. Nc3 dxe4 4. Nxe4 Nf6 5. Nxf6+ gxf6 6. Nf3 Bg4 7. c3 e6 8. Bf4 Bd6 9. Bxd6 Qxd6 10. Qb3 Nd7 11. Be2 0-0-0 12. 0-0-0 Rhg8 13. g3 h5 14. Rhe1 Bxf3 15. Bxf3 h4 16. Kb1 f5 17. c4 Kb8 18. a4 Rh8 19. a5 a6 20. d5 cxd5 21. cxd5 e5 22. Rc1 Nc5 23. Qc3 Ne4 24. Bxe4 fxe4 25. Rxe4 hxg3 26. hxg3 f6 27. Rd1 Rc8 28. Qb3 Rc5 29. Rb4 Qd7 30. Ra4 Rb5 31. Qc4 Rc8 32. Qe4 Qd6 33. f4 Rcc5 34. fxe5 fxe5 35. Rc4 Rxd5 36. Rxd5 Rxd5 37. Rb4 Qc5 38. Ra4 Qb5 39. Ka2 Rd3 40. Qb4 Qxb4 41. Rxb4 Rxg3 42. Rc4 Rg7 43. Kb3 Rc7 44. Kc3 Kc8 45. Kd3 Rxc4 46. Kxc4 Kc7 47. Kd5 e4 48. Kxe4 Kc6 49. Kd4 Kb5 50. Kd3 Kxa5 51. Kc3 Ka4 52. Kc4 b5+ 53. Kc3 a5 54. Kc2 b4 55. Kc1 Kb3 56. Kb1 a4 57. Ka1 Kc2 58. Ka2 a3 0-1

[Event "POL-chT3 Dolnoslaskie 1718"]
[Site "Poland"]
[Date "2018.02.04"]
[Round "7.12"]
[White "Gromczak, Dariusz"]
[Black "Szczesniak, Konrad"]
[Result "1-0"]
[WhiteElo "1943"]
[BlackElo "2101"]
[PlyCount "47"]
[EventDate "2017.10.08"]
[EventType "team-tourn"]
[EventRounds "11"]
[EventCountry "POL"]
[SourceTitle "EXT 2019"]
[Source "ChessBase"]
[SourceDate "2018.10.10"]
[SourceVersion "1"]
[SourceVersionDate "2018.10.10"]
[SourceQuality "1"]

1. e4 d5 2. exd5 Nf6 3. d4 Nxd5 4. Nf3 Bg4 5. Be2 e6 6. h3 Bf5 7. 0-0 Be7 8. c4 Nb4 9. Nc3 0-0 10. Bf4 c5 11. dxc5 Bxc5 12. a3 Nc2 13. Rc1 Nd4 14. b4 Nxe2+ 15. Nxe2 Be7 16. Ned4 Bg6 17. Qb3 Nd7 18. Rfd1 a6 19. c5 Bf6 20. c6 e5 21. cxb7 exf4 22. Nc6 Qe8 23. bxa8Q Qxa8 24. Rxd7 1-0

[Event "POL-chT3 Dolnoslaskie 1718"]
[Site "Poland"]
[Date "2017.12.10"]
[Round "5.7"]
[White "Krosny, Miroslaw"]
[Black "Szczesniak, Konrad"]
[Result "1/2-1/2"]
[WhiteElo "1983"]
[BlackElo "2101"]
[PlyCount "92"]
[EventDate "2017.10.08"]
[EventType "team-tourn"]
[EventRounds "11"]
[EventCountry "POL"]
[SourceTitle "EXT 2019"]
[Source "ChessBase"]
[SourceDate "2018.10.10"]
[SourceVersion "1"]
[SourceVersionDate "2018.10.10"]
[SourceQuality "1"]

1. e4 c5 2. Nf3 Nc6 3. d4 cxd4 4. Nxd4 Nf6 5. Nc3 e5 6. Ndb5 d6 7. Nd5 Nxd5 8. exd5 Nb8 9. c4 Be7 10. Bd3 0-0 11. Be3 f5 12. f3 a6 13. Nc3 Nd7 14. 0-0 Nc5 15. Be2 Bg5 16. Bf2 a5 17. a3 a4 18. Bxc5 dxc5 19. Qd3 Qf6 20. Rae1 Bd7 21. Bd1 Qh6 22. g3 e4 23. fxe4 fxe4 24. Rxf8+ Rxf8 25. Nxe4 Bh3 26. Bf3 Bf6 27. Nxc5 Bxb2 28. Ne6 Re8 29. Be4 Kh8 30. Qc2 Qf6 31. Qxa4 Rc8 32. Nf4 Qc3 33. Qb4 Qd4+ 34. Kh1 Bc3 35. Qb1 Bxe1 36. Qxe1 Re8 37. Nxh3 Rxe4 38. Qf1 Re8 39. Ng5 Ra8 40. Qb1 g6 41. Qxb7 Qd1+ 42. Kg2 Qe2+ 43. Kh3 Qh5+ 44. Kg2 Qe2+ 45. Kh3 Qh5+ 46. Kg2 Qe2+ 1/2-1/2

[Event "POL-chT 2nd League"]
[Site "Jastrzebia Gora"]
[Date "2015.09.10"]
[Round "6.57"]
[White "Maciaga, Marcin"]
[Black "Szczesniak, Konrad"]
[Result "1/2-1/2"]
[WhiteElo "2101"]
[BlackElo "2156"]
[PlyCount "83"]
[EventDate "2015.09.05"]
[EventType "team-swiss"]
[EventRounds "9"]
[EventCountry "POL"]
[SourceTitle "EXT 2017"]
[Source "ChessBase"]
[SourceDate "2016.10.25"]
[SourceVersion "1"]
[SourceVersionDate "2016.10.25"]
[SourceQuality "1"]
[WhiteTeam "Zielonka Zieloni"]
[BlackTeam "Prudnik LKS Zarzewie"]
[WhiteTeamCountry "POL"]
[BlackTeamCountry "POL"]

1. d4 Nf6 2. c4 c5 3. Nf3 e6 4. d5 b5 5. dxe6 fxe6 6. cxb5 d5 7. e3 Bd6 8. Nc3 0-0 9. e4 Nbd7 10. exd5 exd5 11. Nxd5 Bb7 12. Bc4 Kh8 13. 0-0 Ne5 14. Nxe5 Bxe5 15. Nf4 Qb8 16. Ne6 Bxh2+ 17. Kh1 Rc8 18. f4 Bg3 19. Qd3 Ne4 20. b4 Re8 21. Nxg7 Rd8 22. Qe3 Kxg7 23. Bb2+ Kf8 24. bxc5 Qc8 25. c6 Qg4 26. Ba3+ Kg7 27. Bb2+ Kh6 28. f5+ Ng5 29. Bg7+ Kxg7 30. Qe7+ Kh6 31. Qf6+ Kh5 32. Bf7+ Nxf7 33. Qxf7+ Kh4 34. cxb7 Rab8 35. Rf3 Rg8 36. Rc1 Kg5 37. Qe7+ Kh5 38. Qxh7+ Kg5 39. Qe7+ Kh5 40. Qh7+ Kg5 41. Qe7+ Kh5 42. Qh7+ 1/2-1/2

[Event "POL-chT 2nd League"]
[Site "Jastrzebia Gora"]
[Date "2015.09.09"]
[Round "5.75"]
[White "Szczesniak, Konrad"]
[Black "Miasik, Adrian"]
[Result "0-1"]
[WhiteElo "2156"]
[BlackElo "1754"]
[PlyCount "157"]
[EventDate "2015.09.05"]
[EventType "team-swiss"]
[EventRounds "9"]
[EventCountry "POL"]
[SourceTitle "EXT 2017"]
[Source "ChessBase"]
[SourceDate "2016.10.25"]
[SourceVersion "1"]
[SourceVersionDate "2016.10.25"]
[SourceQuality "1"]
[WhiteTeam "Prudnik LKS Zarzewie"]
[BlackTeam "Rzeszow RzKSz"]
[WhiteTeamCountry "POL"]
[BlackTeamCountry "POL"]

1. d4 d5 2. Nf3 e6 3. Bf4 c5 4. c3 Nf6 5. e3 Nc6 6. Bd3 Bd6 7. Bg5 h6 8. Bh4 0-0 9. Bb5 Be7 10. 0-0 Ne4 11. Bxe7 Qxe7 12. Bxc6 bxc6 13. Ne5 Qc7 14. f3 Nf6 15. Nd2 Nd7 16. f4 Nxe5 17. fxe5 Ba6 18. Rf4 cxd4 19. cxd4 Rab8 20. Qc2 Qb6 21. b3 Qb5 22. Rc1 Rbc8 23. Nb1 Qd3 24. Qxd3 Bxd3 25. Nd2 Rc7 26. Rc5 Rb8 27. a4 Be2 28. Rc1 Rb6 29. Kf2 Bd3 30. Rc3 Bg6 31. Ke1 Kf8 32. Kd1 Ke7 33. Kc1 Kd8 34. Kb2 Rb8 35. Rf1 Rb6 36. Rfc1 Kd7 37. Ka3 a5 38. Rc5 Ra7 39. R1c3 Bh7 40. g3 Bg6 41. Nf3 Be4 42. Ng1 f5 43. h4 Bg2 44. Rc2 Be4 45. Rb2 Rb8 46. Nh3 Ra6 47. Nf4 Ke7 48. Ne2 g5 49. hxg5 hxg5 50. Nc3 Rh8 51. b4 axb4+ 52. Rxb4 Rh3 53. Rb7+ Kd8 54. Nxe4 dxe4 55. Rc2 Rh1 56. Ra2 Kc8 57. Rb3 Rg1 58. Rh2 Ra1+ 59. Kb2 R1xa4 60. Rh8+ Kc7 61. Rh7+ Kc8 62. Re7 c5 63. dxc5 Rc4 64. Rb5 Rc6 65. Ra5 Kd8 66. Kb3 R4xc5 67. Rxc5 Rxc5 68. Rxe6 Kd7 69. Rg6 g4 70. e6+ Ke7 71. Kb4 Re5 72. Kc4 Rxe6 73. Rg7+ Kf6 74. Ra7 Rd6 75. Ra3 Rd1 76. Ra6+ Kg5 77. Ra3 Rg1 78. Kd4 Rxg3 79. Ra8 0-1

[Event "POL-chT 2nd League"]
[Site "Jastrzebia Gora"]
[Date "2015.09.06"]
[Round "2.63"]
[White "Harazinska, Ewa"]
[Black "Szczesniak, Konrad"]
[Result "1-0"]
[WhiteElo "2055"]
[BlackElo "2156"]
[PlyCount "79"]
[EventDate "2015.09.05"]
[EventType "team-swiss"]
[EventRounds "9"]
[EventCountry "POL"]
[SourceTitle "EXT 2017"]
[Source "ChessBase"]
[SourceDate "2016.10.25"]
[SourceVersion "1"]
[SourceVersionDate "2016.10.25"]
[SourceQuality "1"]
[WhiteTeam "Victoria Komplexbud"]
[BlackTeam "Prudnik LKS Zarzewie"]
[WhiteTeamCountry "POL"]
[BlackTeamCountry "POL"]

1. d4 Nf6 2. c4 g6 3. Nc3 Bg7 4. e4 d6 5. Be2 0-0 6. Nf3 e5 7. 0-0 Nc6 8. d5 Ne7 9. b4 Ne8 10. Nd2 f5 11. c5 Rf7 12. a4 Bf8 13. Ba3 Kh8 14. Nc4 Ng8 15. b5 Ngf6 16. f3 f4 17. a5 b6 18. cxb6 cxb6 19. Bb4 Rb8 20. axb6 axb6 21. Ra3 g5 22. Qa1 g4 23. Ra8 Qc7 24. Rxb8 Qxb8 25. Qb2 h5 26. Na4 h4 27. Naxb6 h3 28. Nxc8 hxg2 29. Rc1 Nxe4 30. fxe4 f3 31. N4xd6 Nxd6 32. Qxe5+ Bg7 33. Qh5+ Kg8 34. Qxg4 fxe2 35. Kxg2 Kh7 36. Bxd6 Qxb5 37. Qh5+ Kg8 38. Ne7+ Rxe7 39. Rc8+ Bf8 40. Qg6+ 1-0

[Event "Warsaw Najdorf Memorial op-B 13th"]
[Site "Warsaw"]
[Date "2015.07.14"]
[Round "5"]
[White "Szczesniak, Konrad"]
[Black "Levitan, Tal"]
[Result "0-1"]
[WhiteElo "2159"]
[BlackElo "2014"]
[PlyCount "148"]
[EventDate "2015.07.10"]
[EventType "swiss"]
[EventRounds "9"]
[EventCountry "POL"]
[SourceTitle "CBM 167 Extra"]
[Source "ChessBase"]
[SourceDate "2015.09.14"]
[SourceVersion "1"]
[SourceVersionDate "2015.09.14"]
[SourceQuality "1"]

1. d4 d5 2. Nf3 Nf6 3. c4 e6 4. Nc3 Be7 5. Bg5 0-0 6. e3 Nbd7 7. Bd3 b6 8. 0-0 Bb7 9. Qe2 c5 10. Rfd1 Rc8 11. Rac1 cxd4 12. exd4 dxc4 13. Bxc4 Bxf3 14. gxf3 Nd5 15. Bd2 Nxc3 16. bxc3 Bd6 17. Ba6 Rb8 18. Qe4 Nf6 19. Qh4 Nd5 20. Bg5 Be7 21. Bd3 g6 22. f4 b5 23. Re1 Bxg5 24. fxg5 Qd6 25. Be4 Qf4 26. Qg3 Qxg3+ 27. hxg3 Nb6 28. Bd3 a6 29. c4 bxc4 30. Bxc4 Nxc4 31. Rxc4 Rb2 32. Ra4 Rc8 33. d5 exd5 34. Rxa6 Rd8 35. Rd1 d4 36. Rd3 Rd5 37. Ra7 Rf5 38. Rxd4 Rfxf2 39. Rf4 Rg2+ 40. Kf1 Rh2 41. Kg1 Rbg2+ 42. Kf1 Rxa2 43. Rxa2 Rxa2 44. Kg1 Ra5 45. Rg4 Rf5 46. Kg2 Kf8 47. Kh3 Ra5 48. Rh4 Kg7 49. Rg4 h5 50. gxh6+ Kxh6 51. Rb4 Kh5 52. Rh4+ Kg5 53. Rg4+ Kh6 54. Rb4 Re5 55. Kg2 f5 56. Kf3 Kg5 57. Rb6 Ra5 58. Rc6 Kh5 59. Rc3 g5 60. Rb3 Ra4 61. Rc3 Ra2 62. Rb3 g4+ 63. Kf4 Rf2+ 64. Ke5 Rf3 65. Rb8 Rxg3 66. Rh8+ Kg6 67. Rg8+ Kf7 68. Ra8 Rf3 69. Ra7+ Kg6 70. Ra6+ Kg5 71. Ra8 Kh4 72. Rh8+ Kg3 73. Kf6 Kg2 74. Kg5 g3 0-1

[Event "Warsaw Najdorf Memorial op-B 13th"]
[Site "Warsaw"]
[Date "2015.07.12"]
[Round "3"]
[White "Szczesniak, Konrad"]
[Black "Krasiewicz, Robert"]
[Result "1/2-1/2"]
[WhiteElo "2159"]
[BlackElo "2035"]
[PlyCount "94"]
[EventDate "2015.07.10"]
[EventType "swiss"]
[EventRounds "9"]
[EventCountry "POL"]
[SourceTitle "CBM 167 Extra"]
[Source "ChessBase"]
[SourceDate "2015.09.14"]
[SourceVersion "1"]
[SourceVersionDate "2015.09.14"]
[SourceQuality "1"]

1. d4 e6 2. Nf3 c5 3. c3 d5 4. Nbd2 Nf6 5. Ne5 Nc6 6. Ndf3 cxd4 7. Nxc6 bxc6 8. cxd4 Ne4 9. Qa4 Qb6 10. a3 Ba6 11. e3 Bxf1 12. Rxf1 Bd6 13. Nd2 Nxd2 14. Bxd2 Qxb2 15. Qxc6+ Ke7 16. Qc3 Qb6 17. Ke2 Rhc8 18. Qd3 f5 19. Rab1 Qc6 20. Rfc1 Qd7 21. Bb4 Bxb4 22. axb4 Rxc1 23. Rxc1 Rb8 24. Qa3 Qb5+ 25. Kf3 Rb7 26. Rc5 Qxb4 27. Rc7+ Kf6 28. Qxb4 Rxb4 29. Rxa7 h6 30. h4 Rb1 31. Ra8 Rh1 32. g3 Rh2 33. Rf8+ Ke7 34. Rh8 Kf7 35. Ke2 Kf6 36. Kf1 Rh1+ 37. Kg2 Re1 38. Kf3 Rh1 39. Rf8+ Ke7 40. Ra8 Kf6 41. Kg2 Re1 42. Ra2 Kf7 43. Ra3 Kf6 44. Ra7 Rd1 45. Rb7 Re1 46. Ra7 Rd1 47. Rb7 Re1 1/2-1/2

[Event "Warsaw Najdorf Memorial op-B 12th"]
[Site "Warsaw"]
[Date "2014.07.14"]
[Round "1"]
[White "Szczesniak, Konrad"]
[Black "Tarajkiewicz, Krzysztof"]
[Result "0-1"]
[WhiteElo "2139"]
[BlackElo "1666"]
[PlyCount "116"]
[EventDate "2014.07.14"]
[EventType "swiss"]
[EventRounds "9"]
[EventCountry "POL"]
[SourceTitle "EXT 2016"]
[Source "ChessBase"]
[SourceDate "2015.10.08"]
[SourceVersion "1"]
[SourceVersionDate "2015.10.08"]
[SourceQuality "1"]

1. d4 Nf6 2. Nf3 g6 3. Bf4 Bg7 4. Nbd2 0-0 5. e4 d6 6. h3 c5 7. c3 cxd4 8. cxd4 Qa5 9. Bd3 Nh5 10. Be3 Nc6 11. 0-0 Nb4 12. Nb3 Qd8 13. Be2 Nf6 14. a3 Nc6 15. Nbd2 e5 16. d5 Ne7 17. Rc1 Ne8 18. Ne1 f5 19. f3 f4 20. Bf2 g5 21. Qb3 Ng6 22. Nd3 h5 23. Rc3 Bh6 24. Nc4 Rf7 25. Qa4 Nf6 26. Nb6 Bd7 27. Nxd7 Rxd7 28. Qc2 Rg7 29. Rc1 Ne7 30. Kf1 g4 31. hxg4 hxg4 32. Rc7 Qe8 33. Rxb7 Qh5 34. Nb4 Qh1+ 35. Bg1 Nh5 36. Nc6 Ng6 37. Rxg7+ Bxg7 38. fxg4 Nh4 39. Bf3 Nxf3 40. gxf3 Qxf3+ 41. Ke1 Qxg4 42. Bf2 Bf6 43. Nxa7 Bh4 44. Bxh4 Qxh4+ 45. Qf2 Qxf2+ 46. Kxf2 Rxa7 47. Rc6 Nf6 48. Kf3 Ne8 49. Rc3 Rg7 50. Rc8 Rg3+ 51. Kf2 Kf7 52. a4 Rb3 53. a5 Rxb2+ 54. Kf3 Rb7 55. Rc6 Ra7 56. a6 Ke7 57. Rb6 Nc7 58. Rb7 Rxb7 0-1

[Event "POL-chT 2nd League"]
[Site "Lazy"]
[Date "2012.09.08"]
[Round "8"]
[White "Szczesniak, Konrad"]
[Black "Cichy, Kamil"]
[Result "1-0"]
[WhiteElo "2171"]
[BlackElo "1992"]
[PlyCount "105"]
[EventDate "2012.09.01"]
[EventType "team-swiss"]
[EventRounds "9"]
[EventCountry "POL"]
[SourceTitle "EXT 2019"]
[Source "ChessBase"]
[SourceDate "2018.10.10"]
[SourceVersion "1"]
[SourceVersionDate "2018.10.10"]
[SourceQuality "1"]
[WhiteTeam "Prudnik LKS Zarzewie"]
[BlackTeam "Rybnik MKSz"]
[WhiteTeamCountry "POL"]
[BlackTeamCountry "POL"]

1. d4 Nf6 2. c4 c5 3. d5 b5 4. cxb5 a6 5. b6 Qxb6 6. Nc3 e6 7. e4 exd5 8. exd5 d6 9. h3 Be7 10. Nf3 0-0 11. Bc4 Nbd7 12. Qd3 Bb7 13. 0-0 Qc7 14. a4 Ne5 15. Nxe5 dxe5 16. f4 exf4 17. Rxf4 Rfd8 18. Rh4 h6 19. Bxh6 gxh6 20. d6 Bxd6 21. Qg6+ Kf8 22. Qxf6 Bh2+ 23. Kf1 Rd6 24. Qh8+ Ke7 25. Re1+ Kd7 26. Qg7 Bg3 27. Qxf7+ Kc6 28. Re7 Qxe7 29. Qxe7 Bxh4 30. Qxh4 Kb6 31. Qh5 Rad8 32. a5+ Ka7 33. Qxc5+ Ka8 34. Be2 Rf6+ 35. Bf3 Bxf3 36. gxf3 Rxf3+ 37. Kg2 Rf6 38. Nd5 Rg6+ 39. Kf3 Rdg8 40. Nb6+ Kb7 41. Qe7+ Kb8 42. Nd7+ Ka8 43. Nf6 R8g7 44. Qd8+ Ka7 45. Qb6+ Ka8 46. Qxa6+ Kb8 47. Qb6+ Kc8 48. Kf4 Rg1 49. Qc6+ Kd8 50. Qd6+ Kc8 51. Qc5+ Kd8 52. Qf8+ Kc7 53. Ne8+ 1-0

[Event "POL-chT 2nd League"]
[Site "Lazy"]
[Date "2012.09.06"]
[Round "6"]
[White "Kowalski, Igor"]
[Black "Szczesniak, Konrad"]
[Result "1/2-1/2"]
[WhiteElo "1770"]
[BlackElo "2171"]
[PlyCount "99"]
[EventDate "2012.09.01"]
[EventType "team-swiss"]
[EventRounds "9"]
[EventCountry "POL"]
[SourceTitle "EXT 2019"]
[Source "ChessBase"]
[SourceDate "2018.10.10"]
[SourceVersion "1"]
[SourceVersionDate "2018.10.10"]
[SourceQuality "1"]
[WhiteTeam "Warszawa Polonia II"]
[BlackTeam "Prudnik LKS Zarzewie"]
[WhiteTeamCountry "POL"]
[BlackTeamCountry "POL"]

1. e4 c5 2. Nf3 Nc6 3. d4 cxd4 4. Nxd4 Nf6 5. Nc3 d6 6. Be2 e5 7. Nb3 Be6 8. 0-0 Be7 9. Be3 0-0 10. f3 Rc8 11. Qd2 d5 12. exd5 Nxd5 13. Nxd5 Bxd5 14. c3 Na5 15. Nxa5 Qxa5 16. Qc2 Bc5 17. Bxc5 Qxc5+ 18. Kh1 b5 19. Bd3 g6 20. Qe2 Bc6 21. Rfe1 Rfe8 22. Rad1 f5 23. Bc2 Kg7 24. Bb3 Kf6 25. Rd2 Rcd8 26. Red1 Qe7 27. Kg1 e4 28. f4 Qc5+ 29. Kf1 Ke7 30. a3 Qb6 31. Rxd8 Rxd8 32. Rxd8 Qxd8 33. Qe3 Ke8 34. Qd4 Qxd4 35. cxd4 Ke7 36. Ke2 Kd6 37. Bg8 h6 38. Bh7 Be8 39. Bg8 Ke7 40. Bd5 Bf7 41. Bc6 Bc4+ 42. Ke3 Kd6 43. Be8 g5 44. Bg6 Be6 45. g4 gxf4+ 46. Kxf4 e3 47. Kxe3 fxg4 48. Bd3 Bd7 49. Be4 h5 50. Kf4 1/2-1/2